| 000 | 00437nam a2200145 i 4500 | ||
|---|---|---|---|
| 001 | 37201 | ||
| 003 | ES-MaACL | ||
| 007 | t| | ||
| 008 | 030220s1946 cu ||||1| spa d | ||
| 100 | 1 |
_aBustamante y Montoro, Antonio de. _932881 |
|
| 245 | 1 | 0 |
_aTextos para el estudio de la Escuela de Viena / _cpor Antonio de Bustamante y Montoro. |
| 260 |
_aLa Habana : _bCultural, _c1946. |
||
| 300 |
_a350 p. ; _c20 cm. |
||
| 852 |
_aES-MaACL _jE-2178 |
||
| 999 |
_c37201 _d37201 |
||